000 01002nam a22002897a 4500
001 5537
003 FISKH
005 20241218094649.0
008 241217b cb ||||| |||| 00| 0 eng d
040 _aFISKH
_beng
_cFISKH
_dFISKH
050 _aPZ10.H43
082 _a813.54
100 _aHenry,Marguerite
245 _aMisty of Chincoteague /
_cby Marguerite Henry : Illustrated by Wesley Dennis
250 _aFirst paperback printing, 1970
260 _aNew York :
_bRand McNally & Company ;
_c1947 .
300 _a173 pages :
_billustrations, maps ;
_c24 cm .
490 _aMisty of Chincoteague
505 _aS
520 _aTwo youngsters' determination to own a Chincoteague pony is greatly increased when the Phantom and her colt are among those rounded up for the yearly auction.
521 8 _a790
_bLexile estimate
521 8 _aS
_bRaz-Plus
650 _ahorse stories
_vFiction
700 _aDennis, Wesley
_eillustrator
942 _2ddc
_cBK
_n0
999 _c5537
_d5537